| 000 | 01469aam a2200337 a 4500 | ||
|---|---|---|---|
| 001 | everypageperfect00lynn | ||
| 003 | CaSfIA | ||
| 005 | 20210118005221.0 | ||
| 007 | cr|||| | ||
| 008 | 970411s1997 paua 001 0 eng | ||
| 010 | _a 97138805 | ||
| 040 |
_aDLC _cDLC _dBAKER _dBTCTA _dYDXCP _dCaSfIA |
||
| 020 | _a096374982X | ||
| 020 | _a9780963749826 | ||
| 035 | _a(OCoLC)38217926 | ||
| 050 | 0 | 0 |
_aPN160 _b.L95 1997 |
| 082 | 0 | 0 |
_a808/.027 _221 |
| 100 | 1 | _aLynn, Mary. | |
| 245 | 1 | 0 |
_aEvery page perfect : _h[electronic resource] _ba full-size manual for manuscript format and submission protocol / _cby Mary Lynn. |
| 250 | _aToad Hall ed., rev. and updated glossary & index. | ||
| 260 |
_aLaceyville, Pa. : _bToad Hall Press, _cc1997. |
||
| 300 |
_axix, 185 p. : _bill. ; _c28 cm. |
||
| 500 | _aIncludes index. | ||
| 650 | 0 | _aManuscript preparation (Authorship) | |
| 856 | 4 | 1 |
_uhttp://www.archive.org/details/everypageperfect00lynn _zFree eBook from the Internet Archive |
| 856 | 4 | 2 |
_uhttp://www.openlibrary.org/books/OL745748M _zAdditional information and access via Open Library |
| 029 | 1 |
_aNZ1 _b1198149 |
|
| 942 | _cEB | ||
| 506 | _fНеобхідна авторизація на https://archive.org/ (створення облікового запису безкоштовно) | ||
| 506 | _fНеобхідна авторизація на https://openlibrary.org/ (створення облікового запису безкоштовно) | ||
| 999 |
_c494093 _d494093 |
||